Ríos más largos del mundo en un mapa - Estadísticas

Estadísticas generales
  • Esta prueba ha sido intentada 115 veces
  • La puntuación promedio es 8 de 15
Respuestas en el mapa
Las respuestas están codificadas por una escala verde-roja en el mapa de la prueba según el % correcto abajo.
 
Estadísticas de respuestas
río % Correcto
Amazonas
98%
Nilo
94%
Misisipi
85%
Congo
69%
Amarillo
59%
Níger
54%
Misuri
53%
Paraná
53%
Mekong
49%
Yangtsé
38%
Obi
33%
Mackenzie
29%
Lena
27%
Amur
26%
Yeniséi
25%
No se encontraron pruebas coincidentes
Distribución de puntuación
Porcentaje de gente con cada puntuación
Porcentaje por número respondido
Historial de tus puntuaciones
No has intentado esta prueba.